000 00379nam a22001577a 4500
003 OSt
008 250416b |||||||| |||| 00| 0 eng d
020 _a9788121929455
082 _a658.4063 GUB
100 _aGUPTA,Parveen
245 _aBusiness Innovation in the 21st Century
250 _a1st Rep
260 _aNew Delhi
_bS.Chand
_c2025
300 _a308
942 _2ddc
_cBK
999 _c13295
_d13295